00863cam a2200229 a 450000100100000000500170001000800410002704000300006808200180009810000350011624500450015126000640019630000200026049000330028058600470031365000290036065000310038983000420042091000340046295201220049699900150061800001006820200929161828.0730907s1968 sp 001 0 spa  aDO-SdBNPbspacDLCdBNPHU a861.64bD946d1 aDuque, Aquilino,d1931-92504710aDe palabra en palabra /cAquilino Duque. aMadrid, (España) :bEdiciones Cultura Hispánica,c1968. a78 p. ;c21 cm.1 aPoética Leopoldo Panerov9 aPremio de Poesía "Leopoldo Panero" 1967. 4aPoesía española9631 4aLiteratura española9632 0aPoética Leopoldo Panero ;v9914647 aCatalogación por copia / LC 001054708MOaGRbGRcCTd2009-10-03iLF1l0o861.64 D946dp10068-10r2020-06-25w2020-06-25y4ZPréstamo en sala c9827d9827